Govt. of
Madhya Pradesh

लोक प्रशासन सिविल िसर्विसेज प्रारम्भिक परीक्षा (Record no. 52823)

MARC details
000 -LEADER
fixed length control field 00546nam a22001577a 4500
003 - CONTROL NUMBER IDENTIFIER
control field MACL
005 - DATE AND TIME OF LATEST TRANSACTION
control field 20160120161256.0
008 - FIXED-LENGTH DATA ELEMENTS--GENERAL INFORMATION
fixed length control field 160120b xxu||||| |||| 00| 0 eng d
040 ## - CATALOGING SOURCE
Transcribing agency MACL
041 ## - LANGUAGE CODE
Language code of text/sound track or separate title Hindi
082 ## - DEWEY DECIMAL CLASSIFICATION NUMBER
Classification number 350/ACH
245 ## - TITLE STATEMENT
Title लोक प्रशासन सिविल िसर्विसेज प्रारम्भिक परीक्षा
260 ## - PUBLICATION, DISTRIBUTION, ETC. (IMPRINT)
Place of publication, distribution, etc. नई दिल्‍ली
Name of publisher, distributor, etc. अर्चना पब्लिकेशन्‍स
Date of publication, distribution, etc. 1978
650 ## - SUBJECT ADDED ENTRY--TOPICAL TERM
Topical term or geographic name as entry element Public Administration
9 (RLIN) 33734
942 ## - ADDED ENTRY ELEMENTS (KOHA)
Source of classification or shelving scheme
Koha item type Hindi Books
Holdings
Withdrawn status Lost status Source of classification or shelving scheme Damaged status Not for loan Home library Current library Date acquired Cost, normal purchase price Total Checkouts Full call number Barcode Date last seen Date last checked out Price effective from Koha item type
          MACL MACL 20/01/2016 290.00 9 350/ACH CLC000633 29/11/2019 15/11/2019 20/01/2016 Hindi Books